Statistics for Debbie Gibson Charting Songs (Billboard Club Play)

Click here to take the quiz!

General Stats

  • This quiz has been taken 2 times
  • The average score is 4 of 8

Answer Stats

AlbumWeeks OnPeakArtist(s)Song% Correct
Electric Youth8 Weeks#3Debbie GibsonElectric Youth
100%
Out of the Blue11 Weeks#12Debbie GibsonOnly In My Dreams
100%
Deborah8 Weeks#38Debbie GibsonOnly Words
50%
Out of the Blue2 Weeks#44Debbie GibsonOut of the Blue
50%
Out of the Blue12 Weeks#6Debbie GibsonShake Your Love
50%
The Body Remembers10 Weeks#4Debbie GibsonGirls Night Out
0%
Non-Album Single7 Weeks#26Sir Ivan ft. Debbie GibsonI Am Peaceman
0%
Anything Is Possible8 Weeks#18Debbie GibsonOne Step Ahead
0%

Score Distribution

Percentile by Number Answered

Percent of People with Each Score

Your Score History

You have not taken this quiz